Ganga : A journey down the Ganges River
The Ganges has always been more than just an ordinary river. For millions of Indians, she is also a goddess. According to popular belief, bathing in “Mother Ganga” dissolves all sins, drinking her waters cures illness, and dying on her banks ensures freedom from the cycle of death and rebirth.
Bewaard in:
| Hoofdauteur: | |
|---|---|
| Formaat: | Boek |
| Taal: | Undetermined |
| Gepubliceerd in: |
Washington, DC
Island Press
2008
|
| Onderwerpen: | |
| Tags: |
Voeg label toe
Geen labels, Wees de eerste die dit record labelt!
|
| Thư viện lưu trữ: | Trung tâm Học liệu Trường Đại học Cần Thơ |
|---|
| LEADER | 00962nam a2200217Ia 4500 | ||
|---|---|---|---|
| 001 | CTU_186890 | ||
| 008 | 210402s9999 xx 000 0 und d | ||
| 082 | |a 915.41 | ||
| 082 | |b C891 | ||
| 100 | |a Crandall Hollick, Julian | ||
| 245 | 0 | |a Ganga : | |
| 245 | 2 | |b A journey down the Ganges River | |
| 245 | 0 | |c Julian Crandall Hollick | |
| 260 | |a Washington, DC | ||
| 260 | |b Island Press | ||
| 260 | |c 2008 | ||
| 520 | |a The Ganges has always been more than just an ordinary river. For millions of Indians, she is also a goddess. According to popular belief, bathing in “Mother Ganga” dissolves all sins, drinking her waters cures illness, and dying on her banks ensures freedom from the cycle of death and rebirth. | ||
| 650 | |a Ganges River (India and Bangladesh),Sông Ganga (Ấn Độ và Bangladesh) | ||
| 650 | |x Description and travel,Mô tả và du hành | ||
| 910 | |a Hải | ||
| 980 | |a Trung tâm Học liệu Trường Đại học Cần Thơ | ||